[Event "DEN-ch sf1"]
[Site "Svendborg"]
[Date "2024.03.29"]
[Round "4"]
[White "Nielsen, Henning"]
[Black "Wehding, Anton Bonsvig"]
[Result "1-0"]
[WhiteElo "2025"]
[BlackElo "2056"]
[PlyCount "67"]
[EventDate "2024.03.29"]
[EventType "swiss"]
[EventRounds "7"]
[EventCountry "DEN"]
[SourceTitle "CB16_2024"]
[SourceDate "2024.04.17"]
[SourceVersion "1"]
[SourceVersionDate "2024.04.17"]
[SourceQuality "1"]

1. e4 c5 2. Nf3 Nc6 3. Bb5 e6 4. d3 Nge7 5. Bxc6 Nxc6 6. 0-0 Be7 7. Nc3 0-0 8. Be3 d6 9. Qd2 a6 10. a4 Rb8 11. Ne2 d5 12. c3 b5 13. axb5 axb5 14. exd5 exd5 15. Bf4 Rb6 16. Ra8 Re8 17. Rfa1 Bd6 18. Rxc8 Qxc8 19. Bxd6 Nd8 20. Bg3 b4 21. c4 dxc4 22. dxc4 h6 23. h3 Qe6 24. Ra8 Qxe2 25. Rxd8 Rbe6 26. Rxe8+ Rxe8 27. Qd7 Re6 28. b3 Qb2 29. Qd3 Qc3 30. Qd1 f6 31. Bd6 Kh7 32. Bxc5 Ra6 33. Bd4 Rd6 34. Qb1+ 1-0

[Event "DEN-ch sf1"]
[Site "Svendborg"]
[Date "2024.03.29"]
[Round "2"]
[White "Sandmann, Villads Majvang"]
[Black "Nielsen, Henning"]
[Result "1-0"]
[WhiteElo "1983"]
[BlackElo "2025"]
[PlyCount "97"]
[EventDate "2024.03.29"]
[EventType "swiss"]
[EventRounds "7"]
[EventCountry "DEN"]
[SourceTitle "CB16_2024"]
[SourceDate "2024.04.17"]
[SourceVersion "1"]
[SourceVersionDate "2024.04.17"]
[SourceQuality "1"]

1. e4 e5 2. Nf3 Nc6 3. Bb5 a6 4. Ba4 Nf6 5. 0-0 Be7 6. Re1 b5 7. Bb3 0-0 8. a4 Bb7 9. d3 h6 10. axb5 axb5 11. Rxa8 Bxa8 12. Nc3 b4 13. Nd5 Bc5 14. c3 Re8 15. cxb4 Nxb4 16. Nxb4 Bxb4 17. Bxf7+ Kxf7 18. Qb3+ Nd5 19. Re2 d6 20. exd5 Qb8 21. Rc2 Bc5 22. Qxb8 Rxb8 23. Nxe5+ Ke8 24. Nc6 Rb3 25. Rc3 Rb5 26. b4 Bb6 27. Be3 Rxd5 28. Bxb6 cxb6 29. Kf1 Bb7 30. Ke2 Rb5 31. Rc4 d5 32. Nd4 dxc4 33. Nxb5 cxd3+ 34. Kd2 Bxg2 35. Nc3 Kd7 36. Kxd3 Ke6 37. Kd4 Kf5 38. Nd5 Kg4 39. Nxb6 Kf3 40. Nd5 Bf1 41. Ne3 Be2 42. Nf5 Kxf2 43. Nxg7 Kg2 44. Nf5 h5 45. Ke3 Bc4 46. h4 Kh3 47. Kf4 Bd3 48. Kg5 Kg2 49. Nd6 1-0

[Event "DEN-ch sf1"]
[Site "Svendborg"]
[Date "2024.03.29"]
[Round "7"]
[White "Wahlgreen, Noah Krug"]
[Black "Nielsen, Henning"]
[Result "1-0"]
[WhiteElo "2051"]
[BlackElo "2025"]
[PlyCount "117"]
[EventDate "2024.03.29"]
[EventType "swiss"]
[EventRounds "7"]
[EventCountry "DEN"]
[SourceTitle "CB16_2024"]
[SourceDate "2024.04.17"]
[SourceVersion "1"]
[SourceVersionDate "2024.04.17"]
[SourceQuality "1"]

1. d4 Nf6 2. Bf4 d6 3. Nf3 g6 4. e3 Bg7 5. h3 0-0 6. Be2 c5 7. 0-0 Nbd7 8. Nbd2 h6 9. Bh2 b6 10. a4 Bb7 11. a5 Qc8 12. Re1 Rd8 13. c3 Ne4 14. Qb3 Ndf6 15. axb6 Nxd2 16. Nxd2 axb6 17. Qxb6 Rb8 18. Qa5 Ra8 19. Qb5 Bc6 20. Qb3 Rb8 21. Qc2 Qb7 22. dxc5 Bxg2 23. cxd6 Bxh3 24. Bf3 Qxb2 25. Qxb2 Rxb2 26. Nc4 Rc2 27. dxe7 Re8 28. Be5 Rxe7 29. Bd1 Rxe5 30. Nxe5 Rxc3 31. Ra8+ Bf8 32. Bf3 Rc8 33. Ra7 Be6 34. Rb1 Bd6 35. Nc6 Nd5 36. Nd4 Bc5 37. Nxe6 Bxa7 38. Bxd5 Bb8 39. Nd4 Bd6 40. Rb6 Rd8 41. Rb5 Rd7 42. e4 Kg7 43. Kf1 h5 44. Ke2 h4 45. Rb7 Rxb7 46. Bxb7 h3 47. Kf3 Bc5 48. Ne2 f5 49. e5 g5 50. Kg3 f4+ 51. Kxh3 Bxf2 52. Kg4 Be3 53. Kf5 Kf7 54. Bf3 Ke7 55. Nc3 Bc1 56. Nd5+ Kd7 57. e6+ Kd6 58. e7 Kd7 59. Bh5 1-0

[Event "DEN-ch Kort2 Gr-1"]
[Site "Svendborg"]
[Date "2022.04.16"]
[Round "4"]
[White "Andersen, Kim Nyvang"]
[Black "Nielsen, Henning"]
[Result "1/2-1/2"]
[WhiteElo "1978"]
[BlackElo "2076"]
[PlyCount "59"]
[EventDate "2022.04.14"]
[EventType "swiss"]
[EventRounds "5"]
[EventCountry "DEN"]
[SourceTitle "EXT 2024"]
[Source "ChessBase"]
[SourceDate "2023.10.10"]
[SourceVersion "1"]
[SourceVersionDate "2023.10.10"]
[SourceQuality "1"]

1. d4 Nf6 2. c4 e6 3. Nc3 Bb4 4. e3 0-0 5. Nge2 d5 6. a3 Be7 7. cxd5 exd5 8. Nf4 c6 9. Bd3 Re8 10. 0-0 Nbd7 11. b4 Nf8 12. b5 Ng6 13. Nxg6 hxg6 14. a4 Bd6 15. f4 c5 16. Ne2 Bg4 17. h3 c4 18. Bc2 Bxe2 19. Qxe2 Ne4 20. Qf3 Re6 21. Bxe4 Rxe4 22. Bd2 Qe7 23. f5 c3 24. Bc1 Re8 25. f6 gxf6 26. Qxf6 Qd7 27. Ra2 R8e6 28. Qf3 Bb8 29. g4 Bd6 30. Rff2 1/2-1/2

[Event "DEN-ch Kort2 Gr-1"]
[Site "Svendborg"]
[Date "2022.04.14"]
[Round "2"]
[White "Hove, Svend Kjems"]
[Black "Nielsen, Henning"]
[Result "1/2-1/2"]
[WhiteElo "1968"]
[BlackElo "2076"]
[PlyCount "141"]
[EventDate "2022.04.14"]
[EventType "swiss"]
[EventRounds "5"]
[EventCountry "DEN"]
[SourceTitle "EXT 2024"]
[Source "ChessBase"]
[SourceDate "2023.10.10"]
[SourceVersion "1"]
[SourceVersionDate "2023.10.10"]
[SourceQuality "1"]

1. e4 e5 2. Bc4 Nf6 3. Nc3 Nc6 4. Nf3 Nxe4 5. Bxf7+ Kxf7 6. Nxe4 d5 7. Neg5+ Kg8 8. d4 e4 9. Ne5 Nxe5 10. dxe5 h6 11. Nxe4 Be7 12. Ng3 Be6 13. Qd3 Qd7 14. 0-0 h5 15. Qg6 Bf7 16. Qf5 Qc6 17. Re1 Bg6 18. Qf3 Rf8 19. Qc3 Qe6 20. Ne2 c5 21. Nf4 Qf5 22. Qg3 Bf7 23. Qh3 Qxc2 24. Qd7 Bh4 25. g3 Bg5 26. e6 Be8 27. Qxd5 Rf5 28. Qb3 Qxb3 29. axb3 a6 30. Nd3 Be7 31. Be3 Bb5 32. Rad1 g5 33. f4 Rh6 34. fxg5 Rxe6 35. Nf4 Re4 36. h4 Be8 37. Bf2 Rfe5 38. Nd5 Rxe1+ 39. Bxe1 Kf7 40. Bc3 Re4 41. Rf1+ Kg8 42. Bf6 Bd6 43. Bc3 Be7 44. Re1 Rxe1+ 45. Bxe1 Bd8 46. Kf2 Kf7 47. Ke3 Bc6 48. Nf4 Bb6 49. Bc3 c4+ 50. Bd4 Bxd4+ 51. Kxd4 cxb3 52. Nxh5 Bf3 53. Nf4 a5 54. h5 a4 55. Kc3 b5 56. h6 Be4 57. Ne2 Kg6 58. Nd4 Kxg5 59. Nxb5 Kxh6 60. Kb4 Kg5 61. Nd4 Kg4 62. Kxa4 Bc2 63. Nxb3 Kxg3 64. Kb4 Kf4 65. Nc5 Ke5 66. Kc4 Kd6 67. b4 Bd1 68. Ne4+ Kc7 69. Nc3 Bf3 70. Nb5+ Kb6 71. Nd4 1/2-1/2

[Event "Fredericia op"]
[Site "Fredericia"]
[Date "2019.06.02"]
[Round "5"]
[White "Fogh, Jens Olaf Svanholm"]
[Black "Nielsen, Henning"]
[Result "1/2-1/2"]
[WhiteElo "2104"]
[BlackElo "2051"]
[PlyCount "84"]
[EventDate "2019.05.31"]
[EventType "swiss"]
[EventRounds "5"]
[EventCountry "DEN"]
[SourceTitle "EXT 2021"]
[Source "ChessBase"]
[SourceDate "2020.10.23"]
[SourceVersion "1"]
[SourceVersionDate "2020.10.23"]
[SourceQuality "1"]

1. d4 Nf6 2. Nf3 e6 3. c4 c5 4. e3 b6 5. Be2 Bb7 6. 0-0 Ne4 7. d5 Bd6 8. Nc3 Nxc3 9. bxc3 0-0 10. e4 Qc7 11. Bd3 f5 12. Qc2 g6 13. Re1 Bf4 14. Bd2 Bxd2 15. Qxd2 fxe4 16. Rxe4 exd5 17. Rh4 d6 18. Ng5 Rf7 19. Re1 Nc6 20. Nxf7 Qxf7 21. cxd5 Ne5 22. c4 Rf8 23. f4 Qf6 24. fxe5 Qxh4 25. exd6 Bc8 26. Re4 Qf6 27. Qe3 Bd7 28. Re5 Rf7 29. h3 Qxd6 30. Qe2 Qf6 31. Qe3 Kg7 32. Qe2 Kf8 33. Qe3 Re7 34. Rxe7 Qxe7 35. Qf4+ Kg7 36. Kh1 a6 37. Be4 b5 38. Bf3 b4 39. Qc7 Kf6 40. d6 Qe1+ 41. Kh2 Qe5+ 42. Kh1 Qe1+ 1/2-1/2

[Event "Fredericia Glenco"]
[Site "Fredericia"]
[Date "2014.05.25"]
[Round "5"]
[White "Nielsen, Henning"]
[Black "Rendboe, John Filip"]
[Result "1/2-1/2"]
[WhiteElo "2091"]
[BlackElo "2194"]
[PlyCount "51"]
[EventDate "2014.05.23"]
[EventType "swiss"]
[EventRounds "5"]
[EventCountry "DEN"]
[SourceTitle "EXT 2016"]
[Source "ChessBase"]
[SourceDate "2015.10.08"]
[SourceVersion "1"]
[SourceVersionDate "2015.10.08"]
[SourceQuality "1"]

1. e4 c5 2. Nf3 Nc6 3. Bb5 g6 4. Bxc6 dxc6 5. d3 Bg7 6. c3 e5 7. Qe2 Qe7 8. a4 Nf6 9. Nbd2 Bg4 10. a5 0-0 11. h3 Bxf3 12. Nxf3 Nd7 13. 0-0 Rfe8 14. Be3 Nf8 15. g3 Rad8 16. Kg2 Ne6 17. h4 f5 18. Bg5 Nxg5 19. Nxg5 h6 20. Nf3 Qd6 21. Rad1 f4 22. g4 Rf8 23. Rg1 Rf7 24. Kh2 Qc7 25. Ra1 Qd6 26. Rad1 1/2-1/2

[Event "Fredericia Glenco"]
[Site "Fredericia"]
[Date "2014.05.24"]
[Round "3"]
[White "Nielsen, Henning"]
[Black "Sorensen, Lars Desmond"]
[Result "1-0"]
[WhiteElo "2091"]
[BlackElo "2082"]
[PlyCount "119"]
[EventDate "2014.05.23"]
[EventType "swiss"]
[EventRounds "5"]
[EventCountry "DEN"]
[SourceTitle "EXT 2016"]
[Source "ChessBase"]
[SourceDate "2015.10.08"]
[SourceVersion "1"]
[SourceVersionDate "2015.10.08"]
[SourceQuality "1"]

1. e4 e5 2. Nf3 Nc6 3. Bc4 Bc5 4. b4 Bxb4 5. c3 Ba5 6. d4 exd4 7. 0-0 d6 8. Qb3 Qf6 9. cxd4 Bb6 10. e5 dxe5 11. dxe5 Qg6 12. Ba3 Be6 13. Nbd2 0-0-0 14. Rab1 Bxc4 15. Nxc4 Rd3 16. Qc2 Rd7 17. Qa4 Nh6 18. Rfc1 Rhd8 19. Rxb6 cxb6 20. Bd6 Rxd6 21. exd6 Kb8 22. d7 Qg4 23. Qc2 Qxd7 24. Ne3 f5 25. Rd1 Qe8 26. Nd5 Qe4 27. Qd2 Nb4 28. Qg5 Nf7 29. Qxg7 Nxd5 30. Qxf7 Qc2 31. Re1 a5 32. g3 Nb4 33. Qf6 Nc6 34. Ne5 Rc8 35. Nd7+ Ka7 36. Qe6 Qd2 37. Rb1 Rc7 38. Nxb6 Nb4 39. Nc8+ Kb8 40. Nd6 Rc1+ 41. Rxc1 Qxc1+ 42. Kg2 Qc6+ 43. Kh3 Nd3 44. Qg8+ Kc7 45. Ne8+ Kb6 46. Qb3+ Nb4 47. Qe3+ Ka6 48. Ng7 Qd7 49. Qe2+ Ka7 50. Ne6 b6 51. a3 Nd5 52. Qe5 f4 53. g4 Kb7 54. Qe4 h5 55. g5 Ka7 56. Qe5 Qb5 57. Kh4 f3 58. Kxh5 Qd7 59. Kh6 Ka6 60. Qxd5 1-0

[Event "Copenhagen Bronshoj op"]
[Site "Copenhagen"]
[Date "2013.02.11"]
[Round "7"]
[White "Ronsted, Torben"]
[Black "Nielsen, Henning"]
[Result "1/2-1/2"]
[WhiteElo "2095"]
[BlackElo "2144"]
[PlyCount "128"]
[EventDate "2013.02.08"]
[EventType "swiss"]
[EventRounds "7"]
[EventCountry "DEN"]
[SourceTitle "EXT 2015"]
[Source "ChessBase"]
[SourceDate "2014.11.20"]
[SourceVersion "1"]
[SourceVersionDate "2014.11.20"]
[SourceQuality "1"]

1. d4 Nf6 2. c4 e6 3. Nc3 d5 4. cxd5 exd5 5. Bg5 Be7 6. e3 0-0 7. Bd3 Nbd7 8. Qc2 h6 9. Bh4 c6 10. Nge2 Re8 11. 0-0 Nf8 12. Rab1 g5 13. Bg3 Nh5 14. b4 Be6 15. b5 Qd7 16. bxc6 bxc6 17. Rfc1 f5 18. Na4 Nxg3 19. Nxg3 f4 20. exf4 gxf4 21. Nf5 h5 22. Nxe7+ Qxe7 23. Nc5 Rac8 24. Rb7 Rc7 25. Rcb1 Bf5 26. h3 Bxd3 27. Qxd3 Rxb7 28. Nxb7 Qe4 29. Qd1 Rb8 30. Rb3 Qe7 31. Nc5 Rxb3 32. axb3 Qf7 33. Qe2 Kg7 34. Nd3 Nd7 35. Qf3 Qf5 36. Nxf4 Nf6 37. g3 a5 38. Qc3 h4 39. Qe3 Qb1+ 40. Kg2 Qe4+ 41. Qxe4 Nxe4 42. Ne6+ Kf6 43. Nd8 Nd2 44. Nxc6 Nxb3 45. Kf3 a4 46. Ke3 a3 47. Nb4 Ke6 48. Na2 Na5 49. g4 Nc6 50. f4 Ne7 51. f5+ Kd6 52. Nc3 Kd7 53. Ke2 Ng8 54. Kf3 Ne7 55. f6 Nc6 56. Ke3 Ke6 57. g5 Kf7 58. Na2 Nd8 59. Kf4 Ne6+ 60. Kg4 Nxd4 61. Kxh4 Ne2 62. Kg4 d4 63. Kf3 Nc3 64. Nc1 d3 1/2-1/2

[Event "Copenhagen Bronshoj op"]
[Site "Copenhagen"]
[Date "2013.02.09"]
[Round "2"]
[White "Nielsen, Henning"]
[Black "Eddy, Samuel"]
[Result "0-1"]
[WhiteElo "2144"]
[BlackElo "2042"]
[PlyCount "124"]
[EventDate "2013.02.08"]
[EventType "swiss"]
[EventRounds "7"]
[EventCountry "DEN"]
[SourceTitle "CBM 152 Extra"]
[Source "ChessBase"]
[SourceDate "2013.02.25"]
[SourceVersion "1"]
[SourceVersionDate "2013.02.25"]
[SourceQuality "1"]

1. e4 g6 2. d4 Bg7 3. Nc3 d6 4. f4 e6 5. Nf3 a6 6. a4 b6 7. Bc4 Ne7 8. Qe2 0-0 9. 0-0 c5 10. d5 exd5 11. Nxd5 Nxd5 12. Bxd5 Ra7 13. Rd1 Be6 14. Ra3 Bxd5 15. Rxd5 Re8 16. Rad3 Rd7 17. Qd1 Rxe4 18. Rxd6 Bd4+ 19. R6xd4 cxd4 20. Ne5 Re7 21. Be3 f6 22. Ng4 Kg7 23. Rxd4 Qxd4 24. Bxd4 Re1+ 25. Qxe1 Rxe1+ 26. Kf2 Re6 27. Ne3 Nd7 28. c3 Nc5 29. g4 Kf7 30. a5 Ne4+ 31. Ke2 bxa5 32. f5 Re8 33. Kd3 Nf2+ 34. Kc4 Rc8+ 35. Kd5 Nd3 36. Bb6 a4 37. Nc4 Nxb2 38. Nd6+ Kg7 39. Bd4 a3 40. c4 Rb8 41. g5 a2 42. gxf6+ Kf8 43. Be3 a1Q 44. Bh6+ Kg8 45. f7+ Kh8 46. f6 Qd1+ 47. Ke6 Qe2+ 48. Kd7 Qg4+ 49. Kc7 Rc8+ 50. Nxc8 Qxc4+ 51. Kd8 Qxf7 52. Bg7+ Qxg7 53. fxg7+ Kxg7 54. Ke7 a5 55. Nd6 a4 56. Ne4 a3 57. Nc3 Nd3 58. Na2 Nf2 59. Ke6 Ng4 60. h3 Nf2 61. h4 Kh6 62. Ke5 Kh5 0-1

[Event "IBCA-ol blind 14th"]
[Site "Chennai"]
[Date "2012.08.11"]
[Round "2.2"]
[White "Nielsen, Henning"]
[Black "Casadei, Marco"]
[Result "1/2-1/2"]
[WhiteElo "1871"]
[BlackElo "1803"]
[PlyCount "86"]
[EventDate "2012.08.10"]
[EventType "team-swiss"]
[EventRounds "9"]
[EventCountry "IND"]
[SourceTitle "CBM 149 Extra"]
[Source "ChessBase"]
[SourceDate "2012.08.24"]
[SourceVersion "1"]
[SourceVersionDate "2012.08.24"]
[SourceQuality "1"]
[WhiteTeam "Denmark"]
[BlackTeam "Italy"]
[WhiteTeamCountry "DEN"]
[BlackTeamCountry "ITA"]

1. c4 Nf6 2. g3 g6 3. Bg2 Bg7 4. d4 0-0 5. e4 d6 6. Ne2 Na6 7. Nbc3 c5 8. d5 Nc7 9. 0-0 a6 10. a4 Bd7 11. Rb1 b5 12. axb5 axb5 13. cxb5 Nxb5 14. Bf4 Ng4 15. h3 Ne5 16. Bc1 Qc7 17. f4 Nc4 18. Qd3 Nxc3 19. bxc3 Na3 20. Bxa3 Rxa3 21. Rfc1 Rb8 22. Qc2 Ba4 23. Qd2 Rab3 24. Rxb3 Bxb3 25. c4 Ba4 26. Qa2 Bb3 27. Qa6 Qb6 28. Qxb6 Rxb6 29. Rb1 Rb4 30. Kf2 Bxc4 31. Rc1 Ba2 32. Bf1 Rxe4 33. Nc3 Bd4+ 34. Kf3 Re3+ 35. Kg2 Rxc3 36. Rxc3 Bxc3 37. Kf3 Kg7 38. g4 h6 39. Ke4 Kf6 40. h4 g5 41. hxg5+ hxg5 42. f5 Bd4 43. Bd3 Kg7 1/2-1/2

[Event "Politiken Cup 32nd"]
[Site "Copenhagen"]
[Date "2010.08.08"]
[Round "10"]
[White "Nielsen, Henning"]
[Black "Sorensen, Dick"]
[Result "1/2-1/2"]
[WhiteElo "2164"]
[BlackElo "1949"]
[PlyCount "47"]
[EventDate "2010.07.31"]
[EventType "swiss"]
[EventRounds "10"]
[EventCountry "DEN"]
[SourceTitle "CBM 137 Extra"]
[Source "ChessBase"]
[SourceDate "2010.09.01"]
[SourceVersion "1"]
[SourceVersionDate "2010.09.01"]
[SourceQuality "1"]

1. e4 c5 2. Nf3 e6 3. d4 cxd4 4. Nxd4 a6 5. Be2 Nc6 6. Nc3 Qc7 7. Be3 Nf6 8. Qd2 Bb4 9. f3 0-0 10. a3 Be7 11. Nb3 b5 12. 0-0 Bb7 13. Rad1 d6 14. Qe1 Rfd8 15. Qg3 Ne5 16. Nd4 Nc4 17. Bc1 Nxa3 18. f4 Nc4 19. b3 Nb6 20. f5 e5 21. Bh6 Bf8 22. Bg5 Be7 23. Bh6 Bf8 24. Bg5 1/2-1/2

[Event "Politiken Cup 32nd"]
[Site "Copenhagen"]
[Date "2010.08.07"]
[Round "9"]
[White "Carstensen, Jacob"]
[Black "Nielsen, Henning"]
[Result "1-0"]
[WhiteElo "2295"]
[BlackElo "2164"]
[PlyCount "62"]
[EventDate "2010.07.31"]
[EventType "swiss"]
[EventRounds "10"]
[EventCountry "DEN"]
[SourceTitle "CBM 137 Extra"]
[Source "ChessBase"]
[SourceDate "2010.09.01"]
[SourceVersion "1"]
[SourceVersionDate "2010.09.01"]
[SourceQuality "1"]

1. d4 Nf6 2. c4 e6 3. g3 c5 4. d5 exd5 5. cxd5 d6 6. Nc3 g6 7. Bg2 Bg7 8. Nf3 0-0 9. 0-0 Re8 10. h3 a6 11. a4 Nbd7 12. Nd2 Nh5 13. e4 Ne5 14. Kh2 Bd7 15. f4 Nd3 16. Nc4 Nxc1 17. Nxd6 Bxa4 18. Nxa4 Qxd6 19. Rxc1 Rac8 20. Qf3 f5 21. exf5 Rc7 22. Rfe1 Rxe1 23. Rxe1 b5 24. Re6 Qf8 25. d6 Rd7 26. Qd5 Kh8 27. Nxc5 Rd8 28. Nb7 Rd7 29. Qc6 Qf7 30. Qc8+ Bf8 31. Re8 Kg8 1-0

[Event "Politiken Cup 32nd"]
[Site "Copenhagen"]
[Date "2010.08.05"]
[Round "7"]
[White "Jacobsen, Fredrik Beer"]
[Black "Nielsen, Henning"]
[Result "0-1"]
[WhiteElo "1955"]
[BlackElo "2164"]
[PlyCount "84"]
[EventDate "2010.07.31"]
[EventType "swiss"]
[EventRounds "10"]
[EventCountry "DEN"]
[SourceTitle "CBM 137 Extra"]
[Source "ChessBase"]
[SourceDate "2010.09.01"]
[SourceVersion "1"]
[SourceVersionDate "2010.09.01"]
[SourceQuality "1"]

1. d4 d5 2. c4 e6 3. Nc3 Nf6 4. cxd5 exd5 5. Bg5 Be7 6. e3 0-0 7. Qc2 c6 8. Bd3 Nbd7 9. Nge2 Re8 10. 0-0 Nf8 11. f3 h6 12. Bh4 b5 13. a3 Ne6 14. Bf2 a6 15. b4 a5 16. Rab1 Bd6 17. Na2 Bb7 18. Bf5 axb4 19. axb4 g6 20. Bxg6 fxg6 21. Qxg6+ Ng7 22. Nac3 Re6 23. Qc2 Qe8 24. Ng3 Nfh5 25. e4 Nxg3 26. Bxg3 Bxg3 27. hxg3 Qg6 28. g4 h5 29. f4 hxg4 30. f5 Qh6 31. fxe6 g3 32. Rf7 Nxe6 33. Rd1 Qh2+ 34. Kf1 Qh1+ 35. Ke2 Qxg2+ 36. Kd3 Qxc2+ 37. Kxc2 Kxf7 38. exd5 cxd5 39. Nxb5 Ke7 40. Re1 Kf6 41. Nd6 Nxd4+ 42. Kb2 g2 0-1

[Event "Politiken Cup 32nd"]
[Site "Copenhagen"]
[Date "2010.08.04"]
[Round "6"]
[White "Nielsen, Henning"]
[Black "Lundberg, Roland"]
[Result "1-0"]
[WhiteElo "2164"]
[BlackElo "2006"]
[PlyCount "65"]
[EventDate "2010.07.31"]
[EventType "swiss"]
[EventRounds "10"]
[EventCountry "DEN"]
[SourceTitle "CBM 137 Extra"]
[Source "ChessBase"]
[SourceDate "2010.09.01"]
[SourceVersion "1"]
[SourceVersionDate "2010.09.01"]
[SourceQuality "1"]

1. e4 c5 2. Nf3 e6 3. d4 cxd4 4. Nxd4 Nc6 5. Nc3 a6 6. Be3 Nge7 7. g3 Nxd4 8. Qxd4 Nc6 9. Qd2 b5 10. Bg2 Ne5 11. Qe2 Bb7 12. 0-0 Rc8 13. Rad1 Qa5 14. Bd4 Nc6 15. Be3 d6 16. Rfe1 Be7 17. f4 0-0 18. e5 d5 19. Qf2 Qb4 20. Rd3 Nb8 21. a3 Qc4 22. f5 Bc5 23. Bh3 Bxe3 24. Qxe3 exf5 25. Bxf5 Rce8 26. Rd4 Qc5 27. Bxh7+ Kh8 28. Bd3 Kg8 29. b4 Qe7 30. Nxd5 Bxd5 31. Rxd5 Nc6 32. Rc5 Qe6 33. Qe4 1-0

[Event "Politiken Cup 32nd"]
[Site "Copenhagen"]
[Date "2010.08.02"]
[Round "4"]
[White "Nielsen, Henning"]
[Black "Ebeling, Jens"]
[Result "1/2-1/2"]
[WhiteElo "2164"]
[BlackElo "1999"]
[PlyCount "110"]
[EventDate "2010.07.31"]
[EventType "swiss"]
[EventRounds "10"]
[EventCountry "DEN"]
[SourceTitle "CBM 137 Extra"]
[Source "ChessBase"]
[SourceDate "2010.09.01"]
[SourceVersion "1"]
[SourceVersionDate "2010.09.01"]
[SourceQuality "1"]

1. d4 Nf6 2. c4 g6 3. Nc3 Bg7 4. e4 d6 5. Nf3 0-0 6. Be2 Na6 7. 0-0 e5 8. Be3 Ng4 9. Bg5 Qe8 10. h3 h6 11. Bh4 Nf6 12. dxe5 dxe5 13. a3 Nc5 14. Qc2 c6 15. Rad1 Nfd7 16. Ne1 Ne6 17. Bg4 Nd4 18. Bxd7 Bxd7 19. Qd3 g5 20. Bg3 Be6 21. f3 Rd8 22. Bf2 Qe7 23. b4 a6 24. Nc2 b5 25. cxb5 axb5 26. Nxd4 exd4 27. Ne2 Bc4 28. Qd2 Qa7 29. Rfe1 Bxe2 30. Rxe2 Qxa3 31. e5 Rfe8 32. Rde1 Qc3 33. Bg3 Rd5 34. Kf2 Bf8 35. Rb1 c5 36. bxc5 Qxc5 37. Qd3 Qc4 38. Rb3 Qxd3 39. Rxd3 Bg7 40. Re4 Bxe5 41. Bxe5 Rexe5 42. Rxe5 Rxe5 43. Rxd4 Kg7 44. h4 Rc5 45. Ke3 Rc2 46. hxg5 hxg5 47. Rd5 Rxg2 48. Rxb5 Kg6 49. Rb6+ f6 50. Rb8 Ra2 51. Rc8 Ra3+ 52. Kf2 Kf5 53. Rb8 Kf4 54. Rb4+ Kf5 55. Rb5+ Kf4 1/2-1/2

[Event "Politiken Cup 32nd"]
[Site "Copenhagen"]
[Date "2010.07.31"]
[Round "1"]
[White "Christensen, Christoffer Ellegaa"]
[Black "Nielsen, Henning"]
[Result "1-0"]
[WhiteElo "1771"]
[BlackElo "2164"]
[PlyCount "91"]
[EventDate "2010.07.31"]
[EventType "swiss"]
[EventRounds "10"]
[EventCountry "DEN"]
[SourceTitle "CBM 137 Extra"]
[Source "ChessBase"]
[SourceDate "2010.09.01"]
[SourceVersion "1"]
[SourceVersionDate "2010.09.01"]
[SourceQuality "1"]

1. d4 Nf6 2. Nf3 e6 3. Bf4 c5 4. e3 Nc6 5. c3 d5 6. Nbd2 cxd4 7. exd4 Be7 8. Bd3 0-0 9. 0-0 h6 10. Ne5 Nxe5 11. Bxe5 Nh7 12. Qg4 Bf6 13. f4 Bxe5 14. fxe5 Qg5 15. Qxg5 hxg5 16. g4 Bd7 17. Rf3 f5 18. gxf5 exf5 19. c4 g4 20. Rf2 Ng5 21. Kf1 Be6 22. cxd5 Bxd5 23. Ke2 Rad8 24. Rxf5 Ne6 25. Rxf8+ Kxf8 26. Ke3 Ke7 27. Rg1 Rh8 28. Rxg4 Rh3+ 29. Rg3 Rxh2 30. Nc4 g5 31. a4 Rh4 32. Nd6 Rh2 33. Nf5+ Kd7 34. Bb5+ Kc7 35. Ne7 Ba2 36. d5 a6 37. d6+ Kd8 38. Be2 Kd7 39. Rg1 Rh3+ 40. Ke4 Rb3 41. Nd5 Rxb2 42. Nf6+ Kd8 43. Ke3 Rb3+ 44. Bd3 Nc5 45. Rh1 Rxd3+ 46. Ke2 1-0

[Event "Borup op 3rd"]
[Site "Borup"]
[Date "2008.09.07"]
[Round "4"]
[White "Erdogdu, Mert"]
[Black "Nielsen, Henning"]
[Result "1-0"]
[WhiteElo "2440"]
[BlackElo "2171"]
[PlyCount "89"]
[EventDate "2008.09.05"]
[EventType "swiss"]
[EventRounds "9"]
[EventCountry "DEN"]
[SourceTitle "CBM 126 Extra"]
[Source "ChessBase"]
[SourceDate "2008.11.05"]
[SourceVersion "1"]
[SourceVersionDate "2008.11.05"]
[SourceQuality "1"]

1. e4 e5 2. Nf3 Nc6 3. Bb5 a6 4. Ba4 Nf6 5. 0-0 Be7 6. Re1 b5 7. Bb3 0-0 8. h3 d6 9. c3 Na5 10. Bc2 c5 11. d4 Qc7 12. Nbd2 Bb7 13. d5 Rab8 14. b3 Ba8 15. Nf1 Nb7 16. Ng3 g6 17. Bh6 Rfe8 18. Nh2 a5 19. Qf3 Nd8 20. Nf5 Bf8 21. Bg5 Nh5 22. Nh6+ Bxh6 23. Bxh6 Qe7 24. Bd2 Bb7 25. Ng4 Kh8 26. b4 cxb4 27. cxb4 a4 28. Bd3 Bc8 29. Rac1 Bd7 30. Rc7 f6 31. Rec1 Rf8 32. Bh6 Rf7 33. Qe3 f5 34. exf5 gxf5 35. Bg5 Qe8 36. Nh6 Rf8 37. Qa7 Nf7 38. Bd2 Nxh6 39. Bxh6 Rg8 40. Rxd7 Qg6 41. Bg5 Ra8 42. Qc7 Rac8 43. Rxh7+ Qxh7 44. Qxh7+ Kxh7 45. Bxf5+ 1-0

[Event "NATO-ch 17th"]
[Site "Berkshire"]
[Date "2006.08.24"]
[Round "6"]
[White "Indbryn, Tommy"]
[Black "Nielsen, Henning"]
[Result "1-0"]
[WhiteElo "2138"]
[BlackElo "2219"]
[PlyCount "71"]
[EventDate "2006.08.21"]
[EventType "swiss"]
[EventRounds "7"]
[EventCountry "ENG"]
[SourceTitle "EXT 2007"]
[Source "ChessBase"]
[SourceDate "2006.11.23"]
[SourceVersion "1"]
[SourceVersionDate "2006.11.23"]
[SourceQuality "1"]

1. c4 Nf6 2. Nc3 g6 3. e4 d6 4. d4 Bg7 5. f3 0-0 6. Bg5 c6 7. Nge2 Qa5 8. Qd2 b5 9. cxb5 cxb5 10. Bxf6 Bxf6 11. Nd5 Qxd2+ 12. Kxd2 Nd7 13. a3 e6 14. Nxf6+ Nxf6 15. Nc3 a6 16. Bd3 Bb7 17. Rhc1 Rfc8 18. Na2 Kf8 19. Rxc8+ Bxc8 20. Rc1 Ne8 21. f4 Ke7 22. g4 Bb7 23. g5 Rc8 24. Rxc8 Bxc8 25. Kc3 Kd7 26. Kb4 Bb7 27. Ka5 Nc7 28. Nb4 Kc8 29. b3 Kb8 30. a4 bxa4 31. bxa4 Ka7 32. h4 Kb8 33. Nxa6+ Nxa6 34. Bxa6 Bxe4 35. Kb6 Bc2 36. Bb5 1-0